000 00643cam a22002291 4500
001 1845
003 BD-RjUL
005 20211208233427.0
008 131209s1950 nyua 000 0 eng
035 _a(BD-RjUL)1872
035 _a(OCoLC)273369
040 _aDLC
_cOYU
_dOCoLC
_dUk
_dDLC
_beng
041 _aeng
082 _a330.1
_216
_bBOR
100 1 _aBoulding, Kenneth E.
_q(Kenneth Ewart),
_d1910-1993.
_96112
245 1 2 _aA reconstruction of economics /
_cKenneth E Boulding
260 _aNew York :
_bWiley,
_cc1950
300 _axiii, 311 p. :
_bill. ;
_c24 cm.
650 0 _aEconomics.
_96113
942 _2ddc
_cBK
999 _c1845
_d1845